<?xml version="1.0" encoding="UTF-8"?>
<marc:record xmlns:marc="http://www.loc.gov/MARC21/slim">
   <marc:leader>00000nam a2200000 a 4500</marc:leader>
   <marc:datafield ind1="1" ind2=" " tag="100">
      <marc:subfield code="a">Pearson, Jenny</marc:subfield>
      <marc:subfield code="4">aut</marc:subfield>
      <marc:subfield code="e">Verfasser/-in</marc:subfield>
   </marc:datafield>
   <marc:datafield ind1=" " ind2=" " tag="653">
      <marc:subfield code="a">Kinderbücher bis 11 Jahre</marc:subfield>
   </marc:datafield>
   <marc:datafield ind1="0" ind2="0" tag="245">
      <marc:subfield code="a">Frankie und die Liste der unbezahlbaren Wünsche</marc:subfield>
   </marc:datafield>
   <marc:datafield ind1="0" ind2="0" tag="245">
      <marc:subfield code="b">Lustiger Roman voller Herz und Humor für Kinder ab 10</marc:subfield>
   </marc:datafield>
   <marc:datafield ind1="0" ind2="0" tag="245">
      <marc:subfield code="c">Pearson, Jenny</marc:subfield>
   </marc:datafield>
   <marc:datafield ind1=" " ind2="1" tag="264">
      <marc:subfield code="a">Würzburg</marc:subfield>
      <marc:subfield code="b">Arena</marc:subfield>
      <marc:subfield code="c">2022</marc:subfield>
   </marc:datafield>
   <marc:datafield ind1="1" ind2=" " tag="520">
      <marc:subfield code="a">Angaben aus der Verlagsmeldung &#xD;
&#xD;
 Frankie und die Liste der unbezahlbaren Wünsche  : Lustiger Roman voller Herz und Humor für Kinder ab 10  / von Jenny Pearson&#xD;
&#xD;
&#xD;
            &#xD;
&#xD;
                Eine halbe Million Pfund und ein unbezahlbares Abenteuer!&#xD;
            &#xD;
            &#xD;
Als Frankie von seiner unbekannten Oma ein Vermögen erbt, nehmen seine Sommerferien eine ungeahnte Wendung. Denn das Geld gibt es nur unter einer Bedingung - und mit einem Opa! Frankies Opa ist ein alter Miesepeter - aber Frankie hat einen Plan. Er entwickelt die beste Bucket List aller Zeiten mit Dingen, die er mit Opa erleben will. Mit jedem Punkt auf der Liste kommen sich die beiden ein Stückchen näher. Doch der letzte Wunsch scheint unerfüllbar. Mit Geld können sie Heißluftballon-Fahrten, Monster-Truck-Kurse und sogar Schwimmen-mit-Delfinen kaufen - aber was kostet eigentlich wahres Glück?&#xD;
            &#xD;
Eine wundervolle Geschichte für alle ab 10 Jahren voller Humor, Wärme und Heißluftballons. Und ein paar Gangstern.&#xD;
            &#xD;
Noch mehr Lesespaß gesucht? Entdecke auch Jenny Pearsons erstes Kinderbuch im Arena Verlag:&#xD;
 Die unglaubliche Wunderreise des Freddie Yates</marc:subfield>
   </marc:datafield>
   <marc:datafield ind1=" " ind2=" " tag="020">
      <marc:subfield code="a">9783401606668</marc:subfield>
      <marc:subfield code="9">9783401606668</marc:subfield>
   </marc:datafield>
   <marc:datafield ind1=" " ind2=" " tag="020">
      <marc:subfield code="a">3401606662</marc:subfield>
      <marc:subfield code="9">3401606662</marc:subfield>
   </marc:datafield>
   <marc:datafield ind1=" " ind2=" " tag="041">
      <marc:subfield code="a">ger</marc:subfield>
   </marc:datafield>
   <marc:datafield ind1=" " ind2=" " tag="338">
      <marc:subfield code="a">Band</marc:subfield>
   </marc:datafield>
   <marc:datafield ind1=" " ind2=" " tag="300">
      <marc:subfield code="a">288 Seiten</marc:subfield>
   </marc:datafield>
</marc:record>
